Normal view
MARC view
Entry Personal Name
001 - CONTROL NUMBER
- control field: 12682
003 - CONTROL NUMBER IDENTIFIER
- control field: OSt
005 - DATE AND TIME OF LATEST TRANSACTION
- control field: 20180926183640.0
008 - FIXED-LENGTH DATA ELEMENTS
- fixed length control field: 180926|| aca||aabn | a|a d
040 ## - CATALOGING SOURCE
- Original cataloging agency: OSt
- Transcribing agency: OSt
100 ## - HEADING--PERSONAL NAME
- Personal name: Edited by Aulton, Michael E.; Taylor Kevin M.G.
670 ## - SOURCE DATA FOUND
- Source citation: Work cat.: (OSt): Edited by Aulton, Michael E.; Taylor Kevin M.G., Aulton's Pharmaceutics: the design and manufacture of medicine
